[Event "257th YMCA Spring A"]
[Site "Warsaw"]
[Date "2022.05.12"]
[Round "9"]
[White "Kaminski, Maciej"]
[Black "Niedbal, Piotr"]
[Result "0-1"]
[WhiteElo "1933"]
[BlackElo "1866"]
[PlyCount "98"]
[EventDate "2022.04.07"]
[EventType "tourn"]
[EventRounds "1"]
[EventCountry "POL"]
[SourceDate "2022.04.05"]

1. e4 c5 2. Nf3 e6 3. d4 cxd4 4. Nxd4 Nc6 5. Nb5 d6 6. c4 Nf6 7. N1c3 a6 8. Na3
Be7 9. Be2 O-O 10. O-O Qc7 11. Be3 Ne5 12. f4 Ng6 13. Rc1 Bd7 14. g3 Rac8 15.
Bf3 Rfd8 16. Qe2 Be8 17. Qf2 Nd7 18. Rfd1 Qb8 19. Bg2 Nc5 20. e5 Nd7 21. exd6
Bxd6 22. Ba7 Qc7 23. Nab5 axb5 24. Nxb5 Bc5 25. Nxc7 Bxf2+ 26. Kxf2 Rxc7 27.
Bb6 Rdc8 28. Bxc7 Rxc7 29. c5 Nxc5 30. Ke3 Ne7 31. g4 b6 32. Rd6 Na6 33. Rd8
Kf8 34. Rcd1 Nb4 35. Be4 Ned5+ 36. Kf3 Ke7 37. Rb8 Nc6 38. Ra8 Nf6 39. Ra3 Nxe4
40. Kxe4 Nb4 41. f5 Nd5 42. fxe6 fxe6 43. Rd2 Rc1 44. h4 Rf1 45. Ra7+ Bd7 46.
Rg2 Kd6 47. Rg3 Bb5 48. Rf3 Re1+ 49. Kd4 e5# 0-1

[Event "257th YMCA Spring A"]
[Site "Warsaw"]
[Date "2022.06.23"]
[Round "9"]
[White "Polak, Michal"]
[Black "Choroszej, Aleksander"]
[Result "0-1"]
[WhiteElo "1915"]
[BlackElo "2020"]
[PlyCount "56"]
[EventDate "2022.04.07"]
[EventType "tourn"]
[EventRounds "1"]
[EventCountry "POL"]
[SourceDate "2022.04.05"]

1. e4 g6 2. d4 Bg7 3. Nc3 d6 4. Be3 a6 5. g4 Nf6 6. g5 Ng4 7. Qd2 b6 8. Bg2 Bb7
9. O-O-O Nxe3 10. Qxe3 c5 11. d5 b5 12. h4 Qa5 13. Kb1 Nd7 14. h5 Nb6 15. h6
Be5 16. Rd3 Nc4 17. Qc1 Nxb2 18. Qxb2 b4 19. Nge2 bxc3 20. Qb3 O-O 21. Ka1 Bxd5
22. Qxd5 Rab8 23. Rdd1 e6 24. Qd3 Rb2 25. Qc4 Rfb8 26. Rb1 R8b4 27. Qb3 R4xb3
28. cxb3 Qxa2# 0-1

[Event "257th YMCA Spring A"]
[Site "Warsaw"]
[Date "2022.06.03"]
[Round "9"]
[White "Dunalewicz, Pawel"]
[Black "Moskwinski, Marek"]
[Result "1/2-1/2"]
[WhiteElo "1926"]
[BlackElo "1862"]
[PlyCount "88"]
[EventDate "2022.04.07"]
[EventType "tourn"]
[EventRounds "1"]
[EventCountry "POL"]
[SourceDate "2022.04.05"]

1. d4 Nf6 2. Nf3 e6 3. c4 b6 4. g3 Bb7 5. Bg2 Be7 6. O-O O-O 7. Nc3 d5 8. Ne5
c5 9. cxd5 cxd4 10. Qxd4 Nxd5 11. Nxd5 Bxd5 12. Bxd5 Qxd5 13. Qxd5 exd5 14. Rd1
Rd8 15. Be3 f6 16. Nf3 Nc6 17. Rac1 Ne5 18. Kg2 Nc4 19. Bd4 Rac8 20. e3 Kf7 21.
Kf1 Bc5 22. Bc3 Ke6 23. Ke2 Ne5 24. h3 a5 25. Ne1 Rc7 26. Nd3 Nxd3 27. Kxd3
Rdc8 28. Bd2 h6 29. Rc2 Bd6 30. Rdc1 Ke5 31. a3 Kf5 32. g4+ Ke6 33. f4 g6 34.
b4 Rxc2 35. Rxc2 Rxc2 36. Kxc2 axb4 37. Bxb4 Bxb4 38. axb4 f5 39. g5 h5 40. Kd3
h4 41. Kd4 Kd6 42. b5 Ke6 43. Kd3 Kd6 44. Kd4 Ke6 1/2-1/2

[Event "257th YMCA Spring A"]
[Site "Warsaw"]
[Date "2022.06.03"]
[Round "9"]
[White "Pichurko, Jakub"]
[Black "Sloniewski, Michal"]
[Result "0-1"]
[WhiteElo "1818"]
[BlackElo "1834"]
[PlyCount "78"]
[EventDate "2022.04.07"]
[EventType "tourn"]
[EventRounds "1"]
[EventCountry "POL"]
[SourceDate "2022.04.05"]

1. d4 Nf6 2. Nf3 a6 3. e3 c5 4. Bd3 d5 5. b3 Bg4 6. Bb2 e6 7. O-O Nc6 8. Nbd2
cxd4 9. exd4 Bd6 10. a3 O-O 11. Qe1 Re8 12. Ne5 Bf5 13. Rc1 Nd7 14. Bxf5 exf5
15. Nxc6 Bxh2+ 16. Kh1 bxc6 17. Qd1 Bf4 18. g3 Re6 19. Kg2 Qg5 20. Nf3 Qg4 21.
Rb1 Rae8 22. Bc1 Bd6 23. Nh4 Re2 24. Qd3 R8e3 25. Qxe3 Rxe3 26. Bxe3 f4 27. Bd2
Nf6 28. Bb4 Bxb4 29. axb4 Ne4 30. Rh1 g5 31. Nf3 Nxf2 32. Kxf2 Qxg3+ 33. Ke2
Qg2+ 34. Kd3 Qxf3+ 35. Kd2 Qe3+ 36. Kd1 f3 37. Re1 Qxd4+ 38. Kc1 f2 39. Rd1
Qxd1+ 0-1

[Event "257th YMCA Spring A"]
[Site "Warsaw"]
[Date "2022.06.07"]
[Round "10"]
[White "Moskwinski, Marek"]
[Black "Pichurko, Jakub"]
[Result "1/2-1/2"]
[WhiteElo "1862"]
[BlackElo "1818"]
[PlyCount "82"]
[EventDate "2022.04.07"]
[EventType "tourn"]
[EventRounds "1"]
[EventCountry "POL"]
[SourceDate "2022.04.05"]

1. e4 Nf6 2. Nc3 d5 3. exd5 Nxd5 4. Bc4 Nxc3 5. bxc3 c5 6. Nf3 e6 7. O-O Nc6 8.
Re1 Be7 9. d4 O-O 10. Be3 Qa5 11. Qd2 cxd4 12. Nxd4 Rd8 13. Red1 Nxd4 14. cxd4
Qxd2 15. Rxd2 Bd7 16. d5 b6 17. Rad1 Rac8 18. Bb3 exd5 19. Bxd5 Ba4 20. Bb3 Bc6
21. Rxd8+ Rxd8 22. Rxd8+ Bxd8 23. Bd4 Kf8 24. f3 Bc7 25. Kf2 f6 26. g3 Bd6 27.
Ke3 h5 28. c3 h4 29. f4 hxg3 30. hxg3 Ke7 31. Kd3 Bf3 32. Ke3 Bg4 33. Ke4 Bh3
34. a4 Bd7 35. a5 bxa5 36. Bxa7 a4 37. Ba2 g6 38. Kd4 g5 39. Bc5 gxf4 40. gxf4
Bf5 $11 41. Bb4 Kd7 $11 1/2-1/2

[Event "257th YMCA Spring A"]
[Site "Warsaw"]
[Date "2022.06.10"]
[Round "10"]
[White "Choroszej, Aleksander"]
[Black "Dunalewicz, Pawel"]
[Result "1/2-1/2"]
[WhiteElo "2020"]
[BlackElo "1926"]
[PlyCount "82"]
[EventDate "2022.04.07"]
[EventType "tourn"]
[EventRounds "1"]
[EventCountry "POL"]
[SourceDate "2022.04.05"]

1. d4 d5 2. c4 e6 3. Nc3 c5 4. cxd5 exd5 5. Nf3 Nf6 6. g3 Nc6 7. Bg2 cxd4 8.
Nxd4 Bc5 9. Nb3 Bb6 10. O-O d4 11. Na4 O-O 12. Bg5 Re8 13. Rc1 h6 14. Bxf6 Qxf6
15. Nac5 Bg4 16. Re1 d3 17. Qxd3 Qxb2 18. Qc3 Rxe2 19. Rxe2 Qxe2 20. Re1 Qxa2
21. Bd5 Bh5 22. g4 Bg6 23. Qf3 Rd8 24. Rd1 Ne7 25. Bxb7 Rxd1+ 26. Qxd1 Bc2 27.
Qd7 Bxb3 28. Qxe7 Qa1+ 29. Kg2 Bxc5 30. Qxc5 Be6 31. Be4 g6 32. h3 a5 33. Qd6
Kg7 34. f4 Qb2+ 35. Kf3 Qc3+ 36. Kg2 Qb4 37. Qe5+ Kg8 38. Bxg6 Qd2+ 39. Kg3
fxg6 40. Qxe6+ Kg7 41. Qe7+ Kg8 $11 1/2-1/2

[Event "257th YMCA Spring A"]
[Site "Warsaw"]
[Date "2022.05.13"]
[Round "10"]
[White "Lewandrowski, Tomasz"]
[Black "Kaminski, Maciej"]
[Result "0-1"]
[WhiteElo "1858"]
[BlackElo "1933"]
[PlyCount "84"]
[EventDate "2022.04.07"]
[EventType "tourn"]
[EventRounds "1"]
[EventCountry "POL"]
[SourceDate "2022.04.05"]

1. d4 g6 2. Nc3 Bg7 3. e4 c6 4. Bf4 d5 5. exd5 cxd5 6. Nb5 Na6 7. Qe2 Qb6 8.
Nf3 Bg4 9. O-O-O Nf6 10. Re1 O-O 11. h3 Bxf3 12. gxf3 Nh5 13. Be5 f6 14. Bh2 e5
15. Qd2 Rad8 16. dxe5 fxe5 17. Bxe5 Rxf3 18. Bxg7 Nxg7 19. Nd4 Rf7 20. Bg2 Nb4
21. Re3 Nc6 22. Nb3 d4 23. Rd3 Nf5 24. Be4 a5 25. Bxc6 bxc6 26. Qxa5 Qxa5 27.
Nxa5 c5 28. Nc4 Ne7 29. c3 Rxf2 30. cxd4 Nc6 31. Rhd1 Nxd4 32. Kb1 Re8 33. a4
Rb8 34. a5 Rb4 35. Rc3 Nb5 36. Rcc1 Na3+ 37. Ka2 Nxc4 38. Rxc4 Rxc4 39. Ka3
Rf3+ 40. b3 Rb4 41. Rb1 Rxh3 42. a6 Rb6 0-1

[Event "257th YMCA Spring A"]
[Site "Warsaw"]
[Date "2022.06.10"]
[Round "10"]
[White "Kalejta, Arkadiusz"]
[Black "Podgorski, Maciej"]
[Result "0-1"]
[WhiteElo "1781"]
[BlackElo "1940"]
[PlyCount "72"]
[EventDate "2022.04.07"]
[EventType "tourn"]
[EventRounds "1"]
[EventCountry "POL"]
[SourceDate "2022.04.05"]

1. e4 e5 2. Nf3 Nc6 3. Bb5 a6 4. Bxc6 dxc6 5. d4 exd4 6. Qxd4 Qxd4 7. Nxd4 c5
8. Nf3 Bg4 9. Nc3 O-O-O 10. O-O Nf6 11. Ne5 Be6 12. f4 Bd6 13. Nf3 c4 14. Re1
Bb4 15. f5 Bd7 16. Bg5 Rde8 17. Bxf6 gxf6 18. Kf1 Bc6 19. Nd2 Rd8 20. Re2 Rhe8
21. Rae1 b5 22. Nf3 Bc5 23. Nd1 Rxe4 24. Rxe4 Bxe4 25. Rxe4 Rxd1+ 26. Ke2 Ra1
27. a3 Ra2 28. Kd2 Rxb2 29. Kc3 Bxa3 30. Nd4 Rb1 31. Nc6 Kb7 32. Nd8+ Kb6 33.
Nxf7 Bb4+ 34. Kd4 Rd1+ 35. Ke3 Re1+ 36. Kd4 Bc5+ 0-1

[Event "257th YMCA Spring A"]
[Site "Warsaw"]
[Date "2022.06.24"]
[Round "11"]
[White "Podgorski, Maciej"]
[Black "Pajak, Jakub"]
[Result "0-1"]
[WhiteElo "1940"]
[BlackElo "1932"]
[PlyCount "152"]
[EventDate "2022.04.07"]
[EventType "tourn"]
[EventRounds "1"]
[EventCountry "POL"]
[SourceDate "2022.04.05"]

1. e4 c5 2. Nf3 Nc6 3. d4 cxd4 4. Nxd4 g6 5. c4 Bg7 6. Nc2 Nf6 7. Nc3 O-O 8.
Be2 d6 9. O-O Bd7 10. Be3 a5 11. f4 Nb4 12. Nd4 Bc6 13. a3 Na6 14. Nxc6 bxc6
15. Qd2 Nd7 16. Rab1 Nac5 17. Bf3 Nb3 18. Qf2 Qc7 19. g4 Rab8 20. h4 Ndc5 21.
Rbd1 e5 22. f5 Nd4 23. Qh2 Rb3 24. Rd2 Rfb8 25. f6 Bxf6 26. Bd1 Bg7 27. Bxb3
Rxb3 28. Qg2 Qe7 29. Rdf2 Qxh4 30. Rxf7 Nde6 31. Qf3 h5 32. gxh5 Rxb2 33. Ne2
Rxe2 34. Qxe2 Qg3+ 35. Kh1 Qh3+ 36. Qh2 Qxe3 37. hxg6 Qxe4+ 38. Qg2 Qxg2+ 39.
Kxg2 Nf4+ 40. Kg3 Nxg6 41. Rc7 Nf4 42. Rxc6 Kf7 43. Rb1 Bf8 44. Rb5 a4 45. Ra5
Nfd3 46. Ra7+ Ke6 47. Rc8 Bh6 48. Kg4 Kf6 49. Rd8 Nf2+ 50. Kh5 Bf4 51. Rxd6+
Kf5 52. Rd5 Nfd3 53. Rc7 Be3 54. Rd8 Nf4+ 55. Kh6 Nfe6+ 56. Kh5 Nxc7 57. Rf8+
Ke4 58. Kg4 N7e6 59. Ra8 Nd4 60. Rc8 Nc2 61. Rb8 Nxa3 62. Rb4 Kd3 63. Kf3 e4+
64. Kg2 Nxc4 65. Rb8 a3 66. Ra8 Bd4 67. Kf1 e3 68. Ke1 Bc3+ 69. Kf1 e2+ 70. Kg2
e1=Q 71. Rd8+ Bd4 72. Rf8 Qf2+ 73. Kh3 Qxf8 74. Kh4 Qg8 75. Kh5 Ne5 76. Kh4
Qg4# 0-1

[Event "257th YMCA Spring A"]
[Site "Warsaw"]
[Date "2022.06.24"]
[Round "11"]
[White "Kaminski, Maciej"]
[Black "Kalejta, Arkadiusz"]
[Result "1-0"]
[WhiteElo "1933"]
[BlackElo "1781"]
[PlyCount "69"]
[EventDate "2022.04.07"]
[EventType "tourn"]
[EventRounds "1"]
[EventCountry "POL"]
[SourceDate "2022.04.05"]

1. e4 e5 2. Nf3 Nc6 3. Bb5 a6 4. Ba4 Nf6 5. O-O Be7 6. Re1 b5 7. Bb3 O-O 8. c3
d5 9. exd5 Nxd5 10. Nxe5 Nxe5 11. Rxe5 c6 12. d3 Bd6 13. Re1 Qh4 14. g3 Qh3 15.
Re4 Nf6 16. Rh4 Qf5 17. Nd2 g5 18. Ne4 gxh4 19. Nxd6 Qg6 20. Qf3 Bd7 21. Bf4
Ne8 22. Ne4 Bg4 23. Qe3 hxg3 24. fxg3 Ng7 25. Be5 Kh8 26. Rf1 Bf5 27. Nd6 f6
28. Bd4 Bxd3 29. Nf7+ Rxf7 30. Bxf7 Qxf7 31. Rxf6 Qe8 32. Qxd3 Rd8 33. Rh6 Qg8
34. Rxc6 Re8 35. Rc7 1-0

[Event "257th YMCA Spring A"]
[Site "Warsaw"]
[Date "2022.05.19"]
[Round "11"]
[White "Polak, Michal"]
[Black "Lewandrowski, Tomasz"]
[Result "1-0"]
[WhiteElo "1915"]
[BlackElo "1858"]
[PlyCount "105"]
[EventDate "2022.04.07"]
[EventType "tourn"]
[EventRounds "1"]
[EventCountry "POL"]
[SourceDate "2022.04.05"]

1. e4 c5 2. Nf3 Nc6 3. d4 cxd4 4. Nxd4 Nf6 5. Nc3 e5 6. Ndb5 d6 7. Bg5 a6 8.
Na3 Be7 9. Nc4 b5 10. Ne3 b4 11. Bxf6 bxc3 12. Bxe7 Nxe7 13. bxc3 O-O 14. g3
Bb7 15. Bg2 f5 16. exf5 Bxg2 17. Nxg2 Qc7 18. O-O Qxc3 19. Ne3 Kh8 20. Qxd6
Nxf5 21. Nxf5 Rxf5 22. Qd3 Qxd3 23. cxd3 Rf3 24. Rfd1 Rd8 25. Rab1 Kg8 26. Rb3
e4 27. Kg2 Rdf8 28. Rd2 exd3 29. Rbxd3 R3f5 30. Rd5 h6 31. f4 Kh7 32. Kf3 Rxd5
33. Rxd5 Rc8 34. Ra5 Rc2 35. h4 Rc3+ 36. Kg4 Rc6 37. h5 g6 38. Rd5 gxh5+ 39.
Kxh5 Rc2 40. Ra5 Rc3 41. Rxa6 Rxg3 42. Ra7+ Kg8 43. Kxh6 Kf8 44. f5 Rg2 45. a4
Ke8 46. a5 Ra2 47. Kg6 Rg2+ 48. Kf6 Ra2 49. a6 Ra1 50. Ra8+ Kd7 51. a7 Ra6+ 52.
Kg5 Ke7 53. Rh8 1-0

[Event "257th YMCA Spring A"]
[Site "Warsaw"]
[Date "2022.05.10"]
[Round "11"]
[White "Dunalewicz, Pawel"]
[Black "Niedbal, Piotr"]
[Result "1/2-1/2"]
[WhiteElo "1926"]
[BlackElo "1866"]
[PlyCount "134"]
[EventDate "2022.04.07"]
[EventType "tourn"]
[EventRounds "1"]
[EventCountry "POL"]
[SourceDate "2022.04.05"]

1. e4 c5 2. Nf3 e6 3. b3 d5 4. exd5 Qxd5 5. Bb2 Nf6 6. Bc4 Qe4+ 7. Be2 a6 8.
O-O Nc6 9. Re1 Qf4 10. d4 cxd4 11. g3 Qc7 12. Nxd4 Bc5 13. Nxc6 Qxc6 14. Bf3
Qb6 15. Qe2 Bd7 16. Nd2 Bb5 17. c4 Bc6 18. Bxc6+ Qxc6 19. Ne4 Nxe4 20. Qxe4
Qxe4 21. Rxe4 O-O 22. Ree1 Rfd8 23. Red1 Kf8 24. Kf1 f6 25. Ke2 Ke7 26. f3 e5
27. a3 Ke6 28. b4 Bb6 29. c5 Bc7 30. a4 Rxd1 31. Rxd1 Rd8 32. Rxd8 Bxd8 33. Kd3
Kd5 34. g4 g6 35. Bc3 f5 36. h3 e4+ 37. fxe4+ fxe4+ 38. Ke2 Kc4 39. Be1 Bg5 40.
h4 Bf4 41. h5 gxh5 42. gxh5 Kb3 43. b5 Kxa4 44. bxa6 bxa6 45. c6 Kb5 46. Bd2
Bc7 47. Ke3 Kxc6 48. Kxe4 Kd7 49. Kf5 Ke7 50. Bb4+ Kf7 51. Bc3 Bd6 52. Ba5 Bf8
53. Bd2 Bg7 54. Be1 Bd4 55. Ba5 Bc5 56. Bd2 Bb6 57. Bc3 a5 58. Bxa5 Bxa5 59. h6
Ke7 60. Kg4 Ke6 61. Kh3 Kf5 62. Kg2 Kf4 63. Kh1 Kf3 64. Kg1 Bb6+ 65. Kh1 Kf2
66. Kh2 Bc7+ 67. Kh1 Bg3 1/2-1/2

[Event "257th YMCA Spring A"]
[Site "Warsaw"]
[Date "2022.06.24"]
[Round "11"]
[White "Pichurko, Jakub"]
[Black "Choroszej, Aleksander"]
[Result "0-1"]
[WhiteElo "1818"]
[BlackElo "2020"]
[PlyCount "110"]
[EventDate "2022.04.07"]
[EventType "tourn"]
[EventRounds "1"]
[EventCountry "POL"]
[SourceDate "2022.04.05"]

1. d4 g6 2. Nf3 Bg7 3. Bf4 d6 4. e3 Nf6 5. h3 O-O 6. Be2 c5 7. c3 Nc6 8. dxc5
dxc5 9. Qxd8 Rxd8 10. Ne5 Nxe5 11. Bxe5 Be6 12. Bf3 Bd5 13. Nd2 Bxf3 14. Nxf3
Ne4 15. Bxg7 Kxg7 16. Ke2 Rd6 17. Rhd1 Rad8 18. Rxd6 Rxd6 19. Rc1 Ra6 20. a3
Rb6 21. Rc2 c4 22. Ne5 Nd6 23. Kd1 f6 24. Nf3 Ne4 25. Kc1 Rd6 26. Ng1 Nc5 27.
Re2 e5 28. e4 Nd3+ 29. Kc2 Nf4 30. Rd2 Rxd2+ 31. Kxd2 Nxg2 32. a4 Kf7 33. Kc2
Ne1+ 34. Kb1 Nd3 35. f3 Nc5 36. a5 Nb3 37. a6 b5 38. Kc2 Nc5 39. Ne2 Ke6 40.
Ng3 Kd6 41. Nf1 Nxa6 42. b3 cxb3+ 43. Kxb3 Kc5 44. Ne3 Nc7 45. Ng4 Ne8 46. Ne3
a5 47. Nd5 f5 48. Ne3 fxe4 49. fxe4 Nd6 50. Ng4 a4+ 51. Kc2 Nc4 52. Nf6 h5 53.
h4 Ne3+ 54. Kb2 Ng2 55. Nd7+ Kd6 0-1

[Event "257th YMCA Spring A"]
[Site "Warsaw"]
[Date "2022.06.24"]
[Round "11"]
[White "Sloniewski, Michal"]
[Black "Moskwinski, Marek"]
[Result "1-0"]
[WhiteElo "1834"]
[BlackElo "1862"]
[PlyCount "45"]
[EventDate "2022.04.07"]
[EventType "tourn"]
[EventRounds "1"]
[EventCountry "POL"]
[SourceDate "2022.04.05"]

1. Nf3 Nf6 2. g3 b6 3. Bg2 Bb7 4. O-O e6 5. c4 Be7 6. d4 O-O 7. b3 c5 8. Bb2 d5
9. cxd5 Nxd5 10. dxc5 Bxc5 11. Nbd2 Nf6 12. Qc2 Nbd7 13. Rfd1 Rc8 14. Qd3 Qe7
15. Ng5 Bxg2 16. Kxg2 Rfd8 17. Rac1 Nf8 18. Qf3 Ng6 19. h4 h6 20. Nge4 Nxe4 21.
Nxe4 Rxd1 22. Rxd1 Qb7 23. Nf6+ 1-0